000 00934nam0a22002771 4500
001 rc\4373607
005 20250612063158.0
021 _aRU
_b[64-85695]
035 _a(NLR Aleph) 008542418
090 _a8355387
_c8355387
100 _a20130416d1964 |||y0rusy50 ca
101 0 _arus
102 _aRU
105 _aa z |||||
200 1 _aДвижение газонефтяной смеси в фонтанных скважинах
210 _aМосква
_cНедра
_d1964
215 _a138 с.
_cчерт.
_d21
320 _aБиблиогр.: с. 136-137 (36 назв.)
606 _aНефтяная гидравлика
_2psbo
606 _aНефтяные скважины, фонтанирующие
_2psbo
700 1 _aВиноградов
_bК.В.
_gКонстантин Владимирович
801 0 _aRU
_bNLR
_gpsbo
801 1 _aRU
_bELAR
_2rusmarc
852 _aNLR
_j64-3/6434
942 _cBOOK
980 _aNB